000 00326nam a2200121 a 4500
005 20140414131856.0
008 100827s19uu xx 00 eng d
050 _aFIL
_bT13 2008
100 _aCanon, Kristine
245 _aAng tahimik na mundo ni bunso.
260 _aManila, Philippines :
_bLG&M Cor,
_c2008.
999 _c110484
_d110484